Environmental toxicants : Human exposures and their health effects

Zapisane w:
Opis bibliograficzny
1. autor: Lippmann, Morton
Format: Książka
Język:Undetermined
Wydane: New Jersey Wiley 2006
Hasła przedmiotowe:
Etykiety: Dodaj etykietę
Nie ma etykietki, Dołącz pierwszą etykiete!
Thư viện lưu trữ: Trung tâm Học liệu Trường Đại học Cần Thơ
LEADER 00648nam a2200229Ia 4500
001 CTU_100266
008 210402s9999 xx 000 0 und d
020 |c 1839000 
082 |a 363.7 
082 |b L766 
100 |a Lippmann, Morton 
245 0 |a Environmental toxicants : 
245 0 |b Human exposures and their health effects 
245 0 |c Morton Lippmann 
260 |a New Jersey 
260 |b Wiley 
260 |c 2006 
526 |a Độc chất học sinh thái 
526 |b TN713 
650 |a Environmental health,Environmental toxicology 
904 |i Tuyến 
980 |a Trung tâm Học liệu Trường Đại học Cần Thơ